000 00854nas a2200277 4500
001 BR0204233
003 BR-BrBNA
005 20231205103209.0
007 ta
008 230509b bl.|||p| |||| 00| 00por d
040 _aBR-BrBNA
_bpor
_cBiblioteca Nacional de Agricultura
041 _a(Pt)
072 _aH10
100 1 _aOliveira, M.C.
100 1 _aLucia, T.M.C.D.
100 1 _aNascimento Júnior, D.
100 1 _aLima, C.A.
245 1 _aEspécies forrageiras preferidas para o corte por Atta bisphaerica Forel, 1908 (Hymenoptera: Formicidae)
650 _aGRAMÍNEA FORRAGEIRA
650 _aLEGUMINOSA FORRAGEIRA
650 _aFORMIGA
650 _aSAÚVA
773 0 _tRevista Ceres (Brazil)
_xISSN 0034-737X
_g(May-Jun 2002), v. 49(283) p. 321-328
_wBR0204233
909 _a202311
_bLúcia
_c55
_dLúcia Elande
942 _2AGRIS
_n0
_cANA
999 _c171611
_d171611